| 000 | 00984nam a2200277Ia 4500 | ||
|---|---|---|---|
| 003 | OSt | ||
| 005 | 20221005111816.0 | ||
| 006 | a|||||r|||| 00| 0 | ||
| 007 | ta | ||
| 008 | 221004b |||||||| |||| 00| 0 hin d | ||
| 024 | _a32590 | ||
| 037 | _cTextual | ||
| 040 |
_aCRL _cCRL _bhin |
||
| 041 |
_2hin _ahin |
||
| 082 | _aO1511v, 152L3 | ||
| 100 | _aसांकृत्यायन, राहुल | ||
| 245 | 0 | _aपालि साहित्य का इतिहास | |
| 246 | _aPāli sāhitya kā itihāsa | ||
| 260 |
_aलखनऊ _bउत्तर प्रदेश शासन भारत _c1973 |
||
| 300 |
_a309पृ. _ccm. |
||
| 490 | _aहिन्दी समिति ग्रंथमाला; 79 | ||
| 650 | _a पालि भाषा | ||
| 650 | _aहिन्दी साहित्य | ||
| 942 |
_hO1511v, 152L3 _cTEXL _2cc |
||
| 999 |
_c1022982 _d1022982 |
||